00000000nam##2200000za#4500
0019.642043
003CaOODSP
00520210624223515
007cr |||||||||||
008150407|2002||||xxc|||||o    f|0| 0 fre|d
040 |aCaOODSP|bfre
043 |an-cn---
0861 |aYL2-12/2002F-PDF
24503|aLe Parlement du Canada vu de l'intérieur : |h[ressource électronique]|bintroduction au fonctionnement du Parlement canadien / |cune coproduction du Sénat, de la Chambre des communes et de la Bibliothèque du Parlement.
250 |aPremière édition
260 |aOttawa - Ontario : |bBibliothèque du Parlement |cc2002.
300 |a41p.|borganigramme, photographies
500 |aLe n° de catalogue (YL2-12/2002) et l'ISBN (0-662-66038-2) de l'édition imprimée bilingue ont été incorrectement copiés dans l'édition électronique.
5203 |aIl s'agit d'une présentation sur le fonctionnement du Parlement canadien. Elle donne un aperçu du système parlementaire, y compris l'histoire, la géographie et la diversité sociale qui ont aidé à façonner le Parlement. Elle précise le rôle du Premier ministre et du cabinet, discute des relations avec les ministères et les tribunaux, et comprend un aperçu des trois institutions parlementaires - la Couronne, le Sénat et la Chambre des communes. Cette publication examine les activités quotidiennes des parlementaires, y compris celles de législateurs, d'enquêteurs et de groupes de surveillance du gouvernement et décrit le processus législatif. On met également en lumière le lien entre la tradition et les pratiques modernes du Parlement.
590 |a13-15-Supp|b2013-06-24
69107|aChambre des communes|2gcpds
69107|aParlement|2gcpds
69107|aSénat|2gcpds
7101 |aCanada. |bBibliothèque du Parlement.
77508|tInside Canada's Parliament : |w(CaOODSP)9.698047
7760#|tInside Canada's Parliament : |w(CaOODSP)9.663161
7760#|tLe Parlement du Canada vu de l'intérieur : |w(CaOODSP)9.663162
85640|ahttp://publications.gc.ca|qPDF|s1.20 Mo|uhttps://publications.gc.ca/collections/Collection/YL2-12-2002F.pdf